Search the Library Catalogue
| 000 -LEADER | |
|---|---|
| fixed length control field | 00752nam a2200229Ia 4500 |
| 008 - FIXED-LENGTH DATA ELEMENTS--GENERAL INFORMATION | |
| fixed length control field | 191130s1990##################000#0#eng## |
| 020 ## - INTERNATIONAL STANDARD BOOK NUMBER | |
| International Standard Book Number | 9780898712605 |
| 022 ## - INTERNATIONAL STANDARD SERIAL NUMBER | |
| International Standard Serial Number | 90022017 |
| 040 ## - CATALOGING SOURCE | |
| Original cataloging agency | ACL |
| Transcribing agency | ACL |
| 082 ## - DEWEY DECIMAL CLASSIFICATION NUMBER | |
| Classification number | 512.9434 GAL |
| 100 ## - MAIN ENTRY--PERSONAL NAME | |
| Personal name | Gallivan, Kyle A |
| 245 ## - TITLE STATEMENT | |
| Title | Parallel algorithms for matrix computations |
| Statement of responsibility, etc. | K.A. Gallivan ... [et al.] |
| 260 ## - PUBLICATION, DISTRIBUTION, ETC. | |
| Place of publication, distribution, etc. | Philadelphia, PA |
| Name of publisher, distributor, etc. | Society for Industrial and Applied Mathematics |
| Date of publication, distribution, etc. | 1990 |
| 300 ## - PHYSICAL DESCRIPTION | |
| Extent | ix, 197 p. : ill. ; 26 cm |
| 500 ## - GENERAL NOTE | |
| General note | Includes bibliographical references |
| 650 ## - SUBJECT ADDED ENTRY--TOPICAL TERM | |
| Topical term or geographic name entry element | Matrices - Data processing |
| Topical term or geographic name entry element | Parallel algorithms |
| Topical term or geographic name entry element | Parallel processing (Electronic computers) |
| 990 ## - EQUIVALENCES OR CROSS-REFERENCES [LOCAL, CANADA] | |
| Link information for 9XX fields | 489b7173ac10000c4724fd095b74b38d |
| 991 ## - | |
| -- | 163760 |
| Withdrawn status | Lost status | Materials specified (bound volume or other part) | Damaged status | Not for loan | Home library | Current library | Shelving location | Date acquired | Total Checkouts | Full call number | Barcode | Date last seen | Price effective from | Koha item type |
|---|---|---|---|---|---|---|---|---|---|---|---|---|---|---|
| pbk | Anna Centenary Library | Anna Centenary Library | 5TH FLOOR, A WING | 09.10.2020 | 512.9434 GAL | 231081 | 09.10.2020 | 09.10.2020 | English Books |